Capitales de países y territorios de Oceanía - Estadísticas

Estadísticas generales
  • Esta prueba ha sido intentada 82 veces
  • La puntuación promedio es 15 de 25
Estadísticas de respuestas
Imagen Respuesta % Correcto
Canberra
91%
Suva
91%
Wellington
91%
Port Vila
87%
Apia
85%
Port Moresby
85%
Palikir
83%
Funafuti
79%
Honiara
79%
Nukualofa
79%
Yaren
79%
Ngerulmud
77%
Tarawa
77%
Majuro
74%
Pago Pago
45%
Papeete
45%
Alofi
43%
Agaña
40%
Kingston
36%
Numea
36%
Avarua
34%
Adamstown
30%
Saipán
28%
Hanga Roa
23%
Atafu
17%
No se encontraron pruebas coincidentes
Distribución de puntuación
Porcentaje de gente con cada puntuación
Porcentaje por número respondido
Historial de tus puntuaciones
No has intentado esta prueba.